[Event "La Colonne Ouverte"]
[Site "Gatineau CAN"]
[Date "2000.10.24"]
[Round "2"]
[White "Scantland, Patrick"]
[Black "Thomann, Olivier"]
[Result "0-1"]
[WhiteElo "1653"]
[BlackElo "1773"]
[PlyCount "74"]
[GameId "2160767911644084"]
[EventDate "2000.10.17"]
[EventType "swiss"]
[EventRounds "4"]
[EventCountry "CAN"]
[SourceTitle "EXT 2022"]
[Source "ChessBase"]
[SourceDate "2021.10.06"]
[SourceVersion "1"]
[SourceVersionDate "2021.10.06"]
[SourceQuality "1"]

1. Nf3 Nf6 2. d4 g6 3. c4 Bg7 4. Nc3 O-O 5. e4 d6 6. Be2 e5 7. O-O Nc6 8. d5 Ne7 9. Ne1 Ne8 10. f4 f5 11. fxe5 Bxe5 12. Bg5 Bf6 13. Bxf6 Nxf6 14. Bd3 fxe4 15. Nxe4 Nxe4 16. Rxf8+ Qxf8 17. Bxe4 Qf4 18. Qf3 Qxf3 19. Nxf3 Bg4 20. Nd4 Bd7 21. Rf1 Rf8 22. b4 Rxf1+ 23. Kxf1 Kf7 24. Ke2 Nf5 25. Kd3 Nxd4 26. Kxd4 Kf6 27. c5 Ke7 28. h3 Kf6 29. h4 h6 30. g3 g5 31. c6 Bc8 32. a4 b6 33. b5 Bg4 34. Kc4 Bd1 35. Kb4 Ke5 36. Bh1 g4 37. a5 Bf3 0-1

[Event "La Colonne Ouverte"]
[Site "Gatineau CAN"]
[Date "2000.11.07"]
[Round "3"]
[White "Lafontaine, Claude"]
[Black "Cote, Jacques"]
[Result "0-1"]
[WhiteElo "1599"]
[BlackElo "2105"]
[PlyCount "65"]
[GameId "2160767911644085"]
[EventDate "2000.10.17"]
[EventType "swiss"]
[EventRounds "4"]
[EventCountry "CAN"]
[SourceTitle "EXT 2022"]
[Source "ChessBase"]
[SourceDate "2021.10.06"]
[SourceVersion "1"]
[SourceVersionDate "2021.10.06"]
[SourceQuality "1"]

1. d4 f5 2. e4 fxe4 3. Nc3 Nf6 4. Bg5 g6 5. f3 d5 6. Bxf6 exf6 7. fxe4 dxe4 8. Nxe4 Bg7 9. Qe2 O-O 10. O-O-O Re8 11. Qc4+ Be6 12. d5 Bh6+ 13. Kb1 Bf7 14. Qd4 Bg7 15. Nc3 f5 16. Qb4 Nd7 17. Bc4 a5 18. Qb5 Bxc3 19. d6 Ne5 20. Bxf7+ Nxf7 21. d7 Re5 22. Qc4 Bb4 23. Nf3 Re4 24. Qb3 a4 25. Qd3 Ra6 26. Qb5 Rb6 27. Qxa4 Bc3 28. Qa3 Bxb2 29. Qxb2 Rxb2+ 30. Kxb2 Nd6 31. Nd2 Rb4+ 32. Kc3 c5 33. a3 0-1

[Event "La Colonne Ouverte"]
[Site "Gatineau CAN"]
[Date "2000.11.07"]
[Round "3"]
[White "Thomann, Olivier"]
[Black "Menard, Marc"]
[Result "0-1"]
[WhiteElo "1773"]
[BlackElo "1706"]
[PlyCount "46"]
[GameId "2160767911644086"]
[EventDate "2000.10.17"]
[EventType "swiss"]
[EventRounds "4"]
[EventCountry "CAN"]
[SourceTitle "EXT 2022"]
[Source "ChessBase"]
[SourceDate "2021.10.06"]
[SourceVersion "1"]
[SourceVersionDate "2021.10.06"]
[SourceQuality "1"]

1. e4 d5 2. d4 dxe4 3. Nc3 Nf6 4. f3 e5 5. Be3 Bb4 6. dxe5 Bxc3+ 7. bxc3 Nd5 8. Bd4 O-O 9. Bc4 Be6 10. Bxd5 Qxd5 11. Qe2 Bf5 12. fxe4 Bxe4 13. Nf3 c5 14. Bf2 Bxf3 15. gxf3 Nc6 16. O-O Rfe8 17. f4 Re6 18. Bg3 Rg6 19. Rfd1 Qe6 20. Rd6 Qf5 21. Rad1 Re8 22. Rxg6 Qxg6 23. Rd6 Qxd6 0-1

[Event "La Colonne Ouverte"]
[Site "Gatineau CAN"]
[Date "2000.11.14"]
[Round "4"]
[White "Cote, Jacques"]
[Black "Menard, Marc"]
[Result "1-0"]
[WhiteElo "2093"]
[BlackElo "1706"]
[PlyCount "101"]
[GameId "2160767911644087"]
[EventDate "2000.10.17"]
[EventType "swiss"]
[EventRounds "4"]
[EventCountry "CAN"]
[SourceTitle "EXT 2022"]
[Source "ChessBase"]
[SourceDate "2021.10.06"]
[SourceVersion "1"]
[SourceVersionDate "2021.10.06"]
[SourceQuality "1"]

1. f4 e5 2. fxe5 d6 3. Nf3 Nc6 4. exd6 Bxd6 5. Nc3 Nf6 6. g3 Qe7 7. Bg2 Bg4 8. O-O O-O-O 9. e3 Bc5 10. Qe2 Rhe8 11. h3 Bh5 12. g4 Bg6 13. Qf2 h5 14. d4 hxg4 15. hxg4 Bb6 16. Na4 Ne4 17. Nxb6+ axb6 18. Qh4 Qd6 19. g5 Rh8 20. Qg4+ Kb8 21. c3 Ng3 22. Re1 Ne4 23. Nh4 f5 24. gxf6 Nxf6 25. Qg5 Be4 26. Re2 Bxg2 27. Kxg2 Ne4 28. Qf4 Qxf4 29. exf4 Rxh4 30. Rxe4 Rg4+ 31. Kf3 Rh4 32. Be3 Rh2 33. b3 Rc2 34. c4 Rc3 35. Kg4 Kc8 36. d5 Nb4 37. Bd2 Nxd5 38. cxd5 Rd3 39. Bb4 R3xd5 40. Rae1 c5 41. Bc3 g6 42. Re6 R5d6 43. Bf6 Rxe6 44. Rxe6 Rd2 45. a4 Rd3 46. Rxb6 Kc7 47. a5 Kc8 48. Be5 Rd1 49. Rxg6 Rb1 50. Rg8+ Kd7 51. Rg7+ 1-0

[Event "La Colonne Ouverte"]
[Site "Gatineau CAN"]
[Date "2000.11.14"]
[Round "4"]
[White "Laurin, Jacques"]
[Black "Lacourse, Guy"]
[Result "1-0"]
[WhiteElo "1981"]
[BlackElo "1694"]
[PlyCount "57"]
[GameId "2160767911644088"]
[EventDate "2000.10.17"]
[EventType "swiss"]
[EventRounds "4"]
[EventCountry "CAN"]
[SourceTitle "EXT 2022"]
[Source "ChessBase"]
[SourceDate "2021.10.06"]
[SourceVersion "1"]
[SourceVersionDate "2021.10.06"]
[SourceQuality "1"]

1. c4 Nf6 2. g3 e6 3. Bg2 d5 4. cxd5 exd5 5. e3 c5 6. Ne2 Nc6 7. b3 Bf5 8. Ba3 Ne5 9. Nc1 Nd3+ 10. Nxd3 Bxd3 11. Nc3 b5 12. Bb2 Be7 13. Ne2 O-O 14. Nf4 Bf5 15. Rc1 Be6 16. Bxf6 gxf6 17. Qh5 f5 18. g4 Qd7 19. gxf5 Bxf5 20. Nxd5 Bg6 21. Nxe7+ Qxe7 22. Qxc5 Qxc5 23. Rxc5 Rab8 24. Ke2 a5 25. Bc6 Rb6 26. Bxb5 Rd8 27. Re5 Rbb8 28. Bc4 Re8 29. Rxa5 1-0

[Event "Labour Day op"]
[Site "Victoria CAN"]
[Date "2000.09.02"]
[Round "1"]
[White "Stockhausen, Peter"]
[Black "Kostadinov, George"]
[Result "0-1"]
[WhiteElo "1700"]
[BlackElo "2150"]
[PlyCount "34"]
[GameId "2160767911652578"]
[EventDate "2000.09.02"]
[EventType "swiss"]
[EventRounds "6"]
[EventCountry "CAN"]

1. e4 c5 2. Nf3 d6 3. d4 cxd4 4. Nxd4 Nf6 5. Nc3 a6 6. Bg5 e6 7. f4 Be7 8. Qf3 Qc7 9. O-O-O Bd7 10. Be2 Nc6 11. Qg3 Rc8 12. Nxc6 Bxc6 13. e5 dxe5 14. Bxf6 Bxf6 15. Rhf1 exf4 16. Qxf4 Qxf4+ 17. Rxf4 Bg5 0-1

[Event "Labour Day op"]
[Site "Victoria CAN"]
[Date "2000.09.02"]
[Round "2"]
[White "Daigle, Francis"]
[Black "Stockhausen, Peter"]
[Result "0-1"]
[WhiteElo "1600"]
[BlackElo "1700"]
[PlyCount "84"]
[GameId "2160767911652579"]
[EventDate "2000.09.02"]
[EventType "swiss"]
[EventRounds "6"]
[EventCountry "CAN"]

1. d4 c6 2. Nf3 d5 3. Nc3 Bg4 4. e3 Nf6 5. Be2 e6 6. b3 Bd6 7. Nd2 Bxe2 8. Nxe2 O-O 9. c4 Nbd7 10. O-O Qc7 11. Kh1 Ng4 12. Nf4 Ndf6 13. h3 Nh6 14. Nf3 Nf5 15. Nd3 Nd7 16. c5 Be7 17. Nde5 Nxe5 18. Nxe5 f6 19. Nf3 e5 20. g4 Nh6 21. Nh4 e4 22. Nf5 Nf7 23. h4 g6 24. Ng3 Nh6 25. Rg1 Qd7 26. Qf1 Qxg4 27. Rg2 Qf3 28. h5 Kg7 29. hxg6 hxg6 30. Kg1 Rh8 31. Qe2 Ng4 32. Kf1 Nh2+ 33. Kg1 Ng4 34. Kf1 Rh4 35. Qxf3 exf3 36. Rg1 Rah8 37. Ke1 Rh2 38. e4 Rg2 39. Kf1 Rxf2+ 40. Ke1 Rhh2 41. Nf1 Re2+ 42. Kd1 Nf2# 0-1

[Event "Labour Day op"]
[Site "Victoria CAN"]
[Date "2000.09.03"]
[Round "4"]
[White "Stanford, Mike"]
[Black "Stockhausen, Peter"]
[Result "1-0"]
[WhiteElo "2150"]
[BlackElo "1700"]
[PlyCount "59"]
[GameId "2160767911652580"]
[EventDate "2000.09.02"]
[EventType "swiss"]
[EventRounds "6"]
[EventCountry "CAN"]

1. e4 c5 2. Nf3 d6 3. d4 cxd4 4. Nxd4 Nf6 5. Nc3 g6 6. Be3 Bg7 7. f3 O-O 8. Qd2 Nc6 9. Bc4 Bd7 10. O-O-O Qa5 11. Bb3 Rfc8 12. Kb1 Ne5 13. Nd5 Qxd2 14. Bxd2 Nxd5 15. exd5 Nc4 16. Bc1 Na5 17. Rhe1 Bxd4 18. Rxd4 Nxb3 19. axb3 Bf5 20. Re2 Rc7 21. g4 Bc8 22. Bf4 Kf8 23. Rde4 f5 24. Rxe7 Rxe7 25. Bxd6 fxg4 26. Rxe7 Bf5 27. fxg4 Rd8 28. Rd7+ Ke8 29. Rxd8+ Kxd8 30. gxf5 1-0

[Event "Labour Day op"]
[Site "Victoria CAN"]
[Date "2000.09.03"]
[Round "4"]
[White "Stockhausen, Peter"]
[Black "Ward, Hilton"]
[Result "0-1"]
[WhiteElo "1700"]
[BlackElo "1510"]
[PlyCount "66"]
[GameId "2160767911652581"]
[EventDate "2000.09.02"]
[EventType "swiss"]
[EventRounds "6"]
[EventCountry "CAN"]

1. e4 e5 2. f4 exf4 3. Nf3 d5 4. exd5 Nf6 5. d4 Qxd5 6. Nc3 Qe6+ 7. Be2 Bd6 8. O-O O-O 9. Nb5 h6 10. Nxd6 Qxd6 11. Ne5 g5 12. c3 Nc6 13. Nxc6 Qxc6 14. Bxf4 gxf4 15. Rxf4 Nh7 16. Qf1 Be6 17. Qf2 f5 18. Rf1 Rf6 19. g4 Raf8 20. Bd3 Qd7 21. h4 Qe7 22. Qg3 fxg4 23. Bxh7+ Kxh7 24. Rxf6 Rxf6 25. Rxf6 Qxf6 26. Qxc7+ Qg7 27. Qxg7+ Kxg7 28. a3 Kf6 29. Kf2 Kf5 30. Ke3 h5 31. a4 Bd5 32. b4 g3 33. a5 Kg4 0-1

[Event "Labour Day op"]
[Site "Victoria CAN"]
[Date "2000.09.04"]
[Round "5"]
[White "Rycroft, Sean"]
[Black "Stockhausen, Peter"]
[Result "0-1"]
[WhiteElo "1060"]
[BlackElo "1700"]
[PlyCount "46"]
[GameId "2160767911652582"]
[EventDate "2000.09.02"]
[EventType "swiss"]
[EventRounds "6"]
[EventCountry "CAN"]

1. e4 c5 2. f4 d6 3. Nf3 Nc6 4. Bc4 g6 5. c3 Bg7 6. d4 b6 7. Bb5 Bd7 8. Be3 Nf6 9. e5 Nd5 10. Qd2 Nxe3 11. Qxe3 O-O 12. Qe4 Nxd4 13. Bxd7 Nxf3+ 14. Qxf3 Qxd7 15. Qd5 Qb5 16. b3 dxe5 17. fxe5 Rad8 18. Na3 Rxd5 19. Nxb5 Rxe5+ 20. Kd2 Rd8+ 21. Kc1 Re2 22. g3 a6 23. Na3 Bxc3 0-1

[Event "Labour Day op"]
[Site "Victoria CAN"]
[Date "2000.09.04"]
[Round "6"]
[White "Stockhausen, Peter"]
[Black "Campbell, James"]
[Result "1/2-1/2"]
[WhiteElo "1700"]
[BlackElo "1575"]
[PlyCount "27"]
[GameId "2160767911652583"]
[EventDate "2000.09.02"]
[EventType "swiss"]
[EventRounds "6"]
[EventCountry "CAN"]

1. e4 d6 2. Nf3 Nf6 3. Nc3 g6 4. Bc4 Bg7 5. O-O Nxe4 6. Bxf7+ Kxf7 7. Nxe4 Rf8 8. d4 Kg8 9. Be3 Bg4 10. Ned2 Nc6 11. c3 e5 12. Qb3+ Kh8 13. dxe5 Nxe5 14. Nxe5 1/2-1/2

[Event "Lac Beauport"]
[Site "Lac Beauport CAN"]
[Date "2000.11.10"]
[Round "1"]
[White "Auger, Bertrand"]
[Black "St Amand, Paul Jr"]
[Result "0-1"]
[WhiteElo "1958"]
[BlackElo "2170"]
[PlyCount "66"]
[GameId "2160767911635689"]
[EventDate "2000.11.10"]
[EventType "swiss"]
[EventRounds "5"]
[EventCountry "CAN"]
[SourceTitle "EXT 2022"]
[Source "ChessBase"]
[SourceDate "2021.10.06"]
[SourceVersion "1"]
[SourceVersionDate "2021.10.06"]
[SourceQuality "1"]

1. Nf3 c5 2. b3 Nc6 3. Bb2 e6 4. g3 Nf6 5. Bg2 Be7 6. O-O O-O 7. c4 d5 8. cxd5 Nxd5 9. d3 b6 10. Na3 Bb7 11. Nc4 Rc8 12. Qd2 Qc7 13. Rfc1 Rfd8 14. Rab1 Bf6 15. a3 h6 16. Bxf6 Nxf6 17. b4 b5 18. Nb2 cxb4 19. axb4 Qb6 20. Qe1 Nd5 21. Nd1 Ndxb4 22. Rxb4 Nxb4 23. Rxc8 Rxc8 24. Qxb4 a5 25. Qb2 b4 26. Nd2 Bxg2 27. Kxg2 Qc6+ 28. f3 Qc2 29. Qxc2 Rxc2 30. Nc4 a4 31. Nde3 Rxe2+ 32. Kf1 Rxh2 33. Ng2 a3 0-1

[Event "Lac Beauport"]
[Site "Lac Beauport CAN"]
[Date "2000.11.10"]
[Round "1"]
[White "Cazelais, Marc"]
[Black "Paradis, Sylvain"]
[Result "1-0"]
[WhiteElo "2170"]
[BlackElo "1957"]
[PlyCount "103"]
[GameId "2160767911635690"]
[EventDate "2000.11.10"]
[EventType "swiss"]
[EventRounds "5"]
[EventCountry "CAN"]
[SourceTitle "EXT 2022"]
[Source "ChessBase"]
[SourceDate "2021.10.06"]
[SourceVersion "1"]
[SourceVersionDate "2021.10.06"]
[SourceQuality "1"]

1. e4 c6 2. Nc3 d5 3. Nf3 dxe4 4. Nxe4 Nf6 5. Nxf6+ exf6 6. d4 Bf5 7. Be2 Bd6 8. O-O O-O 9. Be3 Qc7 10. c4 Nd7 11. Rc1 c5 12. d5 Ne5 13. Nh4 Bd7 14. f4 Ng6 15. Nxg6 fxg6 16. Qd2 Rae8 17. g3 Rf7 18. Rfe1 Rfe7 19. Bf3 Bf5 20. Bf2 Be4 21. Bxe4 Rxe4 22. Rxe4 Rxe4 23. Re1 Rxe1+ 24. Qxe1 Qe7 25. Qxe7 Bxe7 26. Kg2 Kf7 27. Kf3 b6 28. Be1 h6 29. Bc3 g5 30. f5 h5 31. h3 g6 32. fxg6+ Kxg6 33. g4 hxg4+ 34. hxg4 Bd6 35. Ke4 Bg3 36. b4 Bd6 37. bxc5 Bxc5 38. a4 Bd6 39. a5 Bc5 40. a6 f5+ 41. gxf5+ Kh5 42. Be5 g4 43. Bg3 Be7 44. d6 Bd8 45. Ke5 Kg5 46. Ke6 Bf6 47. d7 Bd8 48. Bb8 Kh6 49. f6 Kg6 50. f7 Kg7 51. Be5+ Kf8 52. Bd6+ 1-0

[Event "Lac Beauport"]
[Site "Lac Beauport CAN"]
[Date "2000.11.10"]
[Round "1"]
[White "Fortier, Marc-Andre"]
[Black "Martineau, Michel"]
[Result "1-0"]
[WhiteElo "2131"]
[BlackElo "1895"]
[PlyCount "33"]
[GameId "2160767911635691"]
[EventDate "2000.11.10"]
[EventType "swiss"]
[EventRounds "5"]
[EventCountry "CAN"]
[SourceTitle "EXT 2022"]
[Source "ChessBase"]
[SourceDate "2021.10.06"]
[SourceVersion "1"]
[SourceVersionDate "2021.10.06"]
[SourceQuality "1"]

1. e4 c5 2. Nc3 Nc6 3. g3 g6 4. Bg2 Bg7 5. d3 d6 6. f4 e5 7. Nh3 Nge7 8. f5 Nd4 9. g4 Nec6 10. O-O h6 11. Nd5 g5 12. a4 Na5 13. Ra3 Bd7 14. Bd2 Rb8 15. Ne3 Ndc6 16. c3 Bf6 17. b4 1-0

[Event "Lac Beauport"]
[Site "Lac Beauport CAN"]
[Date "2000.11.10"]
[Round "1"]
[White "Marineau, Remi"]
[Black "Mikanovic, Goran"]
[Result "0-1"]
[WhiteElo "2000"]
[BlackElo "2316"]
[PlyCount "52"]
[GameId "2160767911635692"]
[EventDate "2000.11.10"]
[EventType "swiss"]
[EventRounds "5"]
[EventCountry "CAN"]
[SourceTitle "EXT 2022"]
[Source "ChessBase"]
[SourceDate "2021.10.06"]
[SourceVersion "1"]
[SourceVersionDate "2021.10.06"]
[SourceQuality "1"]

1. e4 c5 2. Nf3 e6 3. d4 cxd4 4. Nxd4 Nc6 5. Nc3 Qc7 6. Be2 a6 7. Be3 Nf6 8. O-O Bb4 9. f3 O-O 10. Qe1 b5 11. a4 Bc5 12. Qd2 b4 13. Nd1 Bd6 14. g3 Bb7 15. Nf2 Nxd4 16. Qxd4 Qxc2 17. Bd3 Qc7 18. Rac1 Bc6 19. e5 Bxe5 20. Qh4 g6 21. Nh3 Nd5 22. Bh6 f6 23. Bxf8 Rxf8 24. Bxa6 Qb6+ 25. Kh1 Qxa6 26. g4 Bxb2 0-1

[Event "Lac Beauport"]
[Site "Lac Beauport CAN"]
[Date "2000.11.10"]
[Round "1"]
[White "Masse, Hugues"]
[Black "Sauve, Richard"]
[Result "1/2-1/2"]
[WhiteElo "2098"]
[BlackElo "1855"]
[PlyCount "115"]
[GameId "2160767911635693"]
[EventDate "2000.11.10"]
[EventType "swiss"]
[EventRounds "5"]
[EventCountry "CAN"]
[SourceTitle "EXT 2022"]
[Source "ChessBase"]
[SourceDate "2021.10.06"]
[SourceVersion "1"]
[SourceVersionDate "2021.10.06"]
[SourceQuality "1"]

1. d4 Nf6 2. c4 e6 3. Nc3 Bb4 4. e3 b6 5. Nge2 Ba6 6. a3 Be7 7. Nf4 d5 8. Qb3 dxc4 9. Bxc4 Bxc4 10. Qxc4 O-O 11. O-O Nbd7 12. Nd3 c5 13. dxc5 Nxc5 14. Rd1 Nxd3 15. Rxd3 Qc8 16. Qb5 Rd8 17. Rxd8+ Qxd8 18. e4 Rc8 19. Bf4 Qd4 20. Qa6 Qc4 21. Qxa7 Nxe4 22. Nxe4 Qxe4 23. Qxe7 Qxf4 24. Rd1 h6 25. g3 Qg5 26. Qxg5 hxg5 27. Rd6 b5 28. Rb6 Rc5 29. Kg2 g4 30. h3 gxh3+ 31. Kxh3 Rf5 32. Rb8+ Kh7 33. Kg2 Kg6 34. Ra8 Kf6 35. Ra5 Ke7 36. b3 Kd6 37. a4 Kc6 38. axb5+ Kb6 39. Ra4 Rxb5 40. Ra8 Kc5 41. Ra7 f5 42. Rxg7 Rxb3 43. Rd7 Kc6 44. Rd2 Kc5 45. Kh3 Rb4 46. f4 Rb3 47. Kh4 Re3 48. g4 fxg4 49. Kxg4 Re1 50. Rf2 Rg1+ 51. Kf3 Kd6 52. Rd2+ Ke7 53. Rd3 Kf6 54. Ke4 Re1+ 55. Re3 Rxe3+ 56. Kxe3 e5 57. Ke4 exf4 58. Kxf4 1/2-1/2

[Event "Lac Beauport"]
[Site "Lac Beauport CAN"]
[Date "2000.11.10"]
[Round "1"]
[White "Moskvitch, Andrei"]
[Black "Drolet, Stephane"]
[Result "1-0"]
[WhiteElo "2195"]
[BlackElo "1987"]
[PlyCount "63"]
[GameId "2160767911635694"]
[EventDate "2000.11.10"]
[EventType "swiss"]
[EventRounds "5"]
[EventCountry "CAN"]
[SourceTitle "EXT 2022"]
[Source "ChessBase"]
[SourceDate "2021.10.06"]
[SourceVersion "1"]
[SourceVersionDate "2021.10.06"]
[SourceQuality "1"]

1. e4 e6 2. d3 d5 3. Nd2 c5 4. Ngf3 Nc6 5. g3 Bd6 6. Bg2 Nge7 7. O-O Qc7 8. Re1 f6 9. exd5 exd5 10. c4 O-O 11. cxd5 Nb4 12. Nc4 Nbxd5 13. d4 cxd4 14. Nxd6 Qxd6 15. Nxd4 Bd7 16. Qb3 Kh8 17. Bd2 Rfd8 18. Rad1 Bg4 19. Bf3 Bxf3 20. Qxf3 Nc6 21. Nf5 Qf8 22. Bh6 gxh6 23. Rxd5 Rxd5 24. Qxd5 Re8 25. Rxe8 Qxe8 26. Kg2 Qg6 27. Qd7 Qg8 28. b3 Nb4 29. Qe7 Nd5 30. Qxb7 Nf4+ 31. Kf1 Ne6 32. Qe7 1-0

[Event "Lac Beauport"]
[Site "Lac Beauport CAN"]
[Date "2000.11.10"]
[Round "1"]
[White "Papineau (Granby), Daniel"]
[Black "Belanger, Jacques"]
[Result "1/2-1/2"]
[WhiteElo "2035"]
[BlackElo "2098"]
[PlyCount "69"]
[GameId "2160767911635695"]
[EventDate "2000.11.10"]
[EventType "swiss"]
[EventRounds "5"]
[EventCountry "CAN"]

1. e4 c5 2. Nc3 Nc6 3. g3 g6 4. Bg2 Bg7 5. d3 d6 6. Be3 e6 7. Qd2 Nd4 8. Rb1 Ne7 9. Nd1 O-O 10. c3 Ndc6 11. Bh6 Rb8 12. Nf3 f5 13. O-O b5 14. Nh4 Ne5 15. Bxg7 Kxg7 16. f4 Ng4 17. h3 Nf6 18. Nf2 Bb7 19. Qe2 Qc7 20. Rbe1 Rbe8 21. e5 dxe5 22. Qxe5 Qb6 23. Bxb7 Qxb7 24. Qxc5 Ned5 25. Qd4 Kf7 26. Nf3 Re7 27. Ng5+ Kg8 28. Rxe6 Rxe6 29. Nxe6 Re8 30. Nc5 Qc6 31. Nd1 Re2 32. Rf2 Re1+ 33. Rf1 Re2 34. Rf2 Re1+ 35. Rf1 1/2-1/2

[Event "Lac Beauport"]
[Site "Lac Beauport CAN"]
[Date "2000.11.10"]
[Round "1"]
[White "Simard, Francois"]
[Black "Touze, Jean Paul"]
[Result "0-1"]
[WhiteElo "1935"]
[BlackElo "2160"]
[PlyCount "66"]
[GameId "2160767911635697"]
[EventDate "2000.11.10"]
[EventType "swiss"]
[EventRounds "5"]
[EventCountry "CAN"]
[SourceTitle "EXT 2022"]
[Source "ChessBase"]
[SourceDate "2021.10.06"]
[SourceVersion "1"]
[SourceVersionDate "2021.10.06"]
[SourceQuality "1"]

1. d4 g6 2. c4 Bg7 3. Nc3 c5 4. d5 d6 5. Nf3 Nd7 6. Bf4 Ngf6 7. Qd2 h5 8. e4 Ng4 9. h3 Nge5 10. Nh4 Nb6 11. b3 e6 12. dxe6 Bxe6 13. Rd1 Qxh4 14. Bg5 Nexc4 15. bxc4 Bxc3 16. Bxh4 Bxd2+ 17. Rxd2 Nxc4 18. Bxc4 Bxc4 19. a3 O-O 20. Rxd6 Rfe8 21. f3 Re6 22. Rd7 Rb6 23. Kf2 Be6 24. Re7 Rc8 25. e5 c4 26. Rc1 Kg7 27. Bf6+ Kh6 28. g4 Rb2+ 29. Kg3 g5 30. h4 gxh4+ 31. Kxh4 hxg4 32. fxg4 Kg6 33. Kg3 c3 0-1

[Event "Lac Beauport"]
[Site "Lac Beauport CAN"]
[Date "2000.11.11"]
[Round "2"]
[White "Belanger, Jacques"]
[Black "Gaspariants, Vladimir"]
[Result "1-0"]
[WhiteElo "2098"]
[BlackElo "2287"]
[PlyCount "61"]
[GameId "2160767911635698"]
[EventDate "2000.11.10"]
[EventType "swiss"]
[EventRounds "5"]
[EventCountry "CAN"]
[SourceTitle "EXT 2022"]
[Source "ChessBase"]
[SourceDate "2021.10.06"]
[SourceVersion "1"]
[SourceVersionDate "2021.10.06"]
[SourceQuality "1"]

1. e4 g6 2. d4 Bg7 3. Nc3 d6 4. f4 Nd7 5. Nf3 c5 6. d5 a6 7. a4 Qa5 8. Bd2 Ngf6 9. Bd3 O-O 10. O-O c4 11. Be2 Qc5+ 12. Kh1 Rb8 13. h3 b5 14. axb5 axb5 15. Ra5 e6 16. dxe6 fxe6 17. Ng5 Re8 18. f5 exf5 19. exf5 gxf5 20. b4 Qc6 21. Rxf5 Ne5 22. Rf1 h6 23. Nf3 Nh5 24. Kh2 Nxf3+ 25. Bxf3 Be5+ 26. g3 Nxg3 27. Bxc6 Nxf1+ 28. Kg2 Rf8 29. Qh5 Rf6 30. Bd5+ Kh8 31. Qe8+ 1-0

[Event "Lac Beauport"]
[Site "Lac Beauport CAN"]
[Date "2000.11.11"]
[Round "2"]
[White "Mikanovic, Goran"]
[Black "Fortier, Marc-Andre"]
[Result "1-0"]
[WhiteElo "2316"]
[BlackElo "2131"]
[PlyCount "47"]
[GameId "2160767911635700"]
[EventDate "2000.11.10"]
[EventType "swiss"]
[EventRounds "5"]
[EventCountry "CAN"]
[SourceTitle "EXT 2022"]
[Source "ChessBase"]
[SourceDate "2021.10.06"]
[SourceVersion "1"]
[SourceVersionDate "2021.10.06"]
[SourceQuality "1"]

1. d4 Nf6 2. c4 g6 3. Nc3 Bg7 4. e4 d6 5. Nf3 O-O 6. Be2 Nbd7 7. O-O e5 8. Re1 h6 9. Bf1 exd4 10. Nxd4 Nc5 11. Rb1 Re8 12. f3 Ne6 13. Nb3 c6 14. Be3 Nc7 15. Qd2 Kh7 16. Rbd1 Bf8 17. Bf4 d5 18. exd5 Rxe1 19. Qxe1 cxd5 20. Qe5 Nce8 21. Nxd5 Nxd5 22. Rxd5 Qb6+ 23. c5 Qe6 24. Rd8 1-0

[Event "Lac Beauport"]
[Site "Lac Beauport CAN"]
[Date "2000.11.11"]
[Round "2"]
[White "Saint Onge, Roland"]
[Black "Cazelais, Marc"]
[Result "0-1"]
[WhiteElo "1758"]
[BlackElo "2170"]
[PlyCount "102"]
[GameId "2160767911635702"]
[EventDate "2000.11.10"]
[EventType "swiss"]
[EventRounds "5"]
[EventCountry "CAN"]
[SourceTitle "EXT 2022"]
[Source "ChessBase"]
[SourceDate "2021.10.06"]
[SourceVersion "1"]
[SourceVersionDate "2021.10.06"]
[SourceQuality "1"]

1. e4 c5 2. Nf3 Nc6 3. Bc4 e6 4. c3 d5 5. Bd3 Nf6 6. e5 Nd7 7. Bb5 Be7 8. Qa4 Qc7 9. d4 cxd4 10. Bxc6 bxc6 11. Qxd4 Ba6 12. b3 O-O 13. c4 f6 14. Qg4 f5 15. Qf4 dxc4 16. bxc4 Nc5 17. O-O Nd3 18. Qd4 Rfd8 19. Qc3 Bb4 20. Qc2 Rab8 21. Bg5 Rd7 22. Rd1 Nxe5 23. Nd4 Bxc4 24. Bf4 Bd5 25. Nc3 Nf3+ 26. Nxf3 Qxf4 27. Ne2 Qg4 28. h3 Qg6 29. Nf4 Qf6 30. Rab1 Rdb7 31. Nd4 Be4 32. Qc4 Bxb1 33. Rxb1 Bd6 34. Rxb7 Rxb7 35. Ndxe6 Kh8 36. g3 Bxf4 37. Nxf4 g6 38. Nd5 Rb1+ 39. Kg2 cxd5 40. Qxd5 Rb8 41. Qc5 Qg7 42. Qd6 Re8 43. h4 Qe5 44. Qd7 Qe4+ 45. Kg1 Re7 46. Qc8+ Kg7 47. Qc3+ Qe5 48. Qa3 Rf7 49. Qb3 f4 50. g4 Qe1+ 51. Kg2 f3+ 0-1

[Event "Lac Beauport"]
[Site "Lac Beauport CAN"]
[Date "2000.11.11"]
[Round "2"]
[White "Sauve, Richard"]
[Black "Chabot, Roland"]
[Result "0-1"]
[WhiteElo "1855"]
[BlackElo "2263"]
[PlyCount "50"]
[GameId "2160767911635703"]
[EventDate "2000.11.10"]
[EventType "swiss"]
[EventRounds "5"]
[EventCountry "CAN"]
[SourceTitle "EXT 2022"]
[Source "ChessBase"]
[SourceDate "2021.10.06"]
[SourceVersion "1"]
[SourceVersionDate "2021.10.06"]
[SourceQuality "1"]

1. d4 Nf6 2. c4 d6 3. Nc3 Nbd7 4. e4 e5 5. d5 Be7 6. f3 O-O 7. Be3 h6 8. Qd2 Nh7 9. O-O-O Bg5 10. Bxg5 hxg5 11. Kb1 a5 12. g3 Nc5 13. h4 g4 14. Be2 f5 15. fxg4 fxg4 16. Bd3 Bd7 17. Rh2 Qf6 18. Re1 Rf7 19. Nd1 Raf8 20. Rf1 Qxf1 21. Bxf1 Rxf1 22. Ne2 Nxe4 23. Qe3 Rxd1+ 24. Kc2 Rd2+ 25. Kb3 Rf3 0-1

[Event "Lac Beauport"]
[Site "Lac Beauport CAN"]
[Date "2000.11.11"]
[Round "2"]
[White "St Amand, Paul Jr"]
[Black "Angers, Gilles"]
[Result "1-0"]
[WhiteElo "2170"]
[BlackElo "2001"]
[PlyCount "57"]
[GameId "2160767911635704"]
[EventDate "2000.11.10"]
[EventType "swiss"]
[EventRounds "5"]
[EventCountry "CAN"]
[SourceTitle "EXT 2022"]
[Source "ChessBase"]
[SourceDate "2021.10.06"]
[SourceVersion "1"]
[SourceVersionDate "2021.10.06"]
[SourceQuality "1"]

1. e4 e6 2. d4 d5 3. e5 c5 4. c3 Nc6 5. Nf3 Qb6 6. a3 c4 7. g3 Bd7 8. Nbd2 Na5 9. h4 Ne7 10. Bh3 h6 11. O-O g6 12. Rb1 O-O-O 13. Ne1 Nf5 14. Ng2 Be7 15. Ne3 Rh7 16. Kh2 Rg8 17. Re1 Qd8 18. Nxf5 gxf5 19. Nf3 Nb3 20. Bf4 Qf8 21. Qe2 Qg7 22. Qe3 Qg6 23. Rg1 h5 24. Bf1 b5 25. Be2 Bc6 26. Ng5 Rhh8 27. Nh3 Kd7 28. Bg5 Bxg5 29. Nxg5 1-0